00788naa#a2200193#i#4500001001600000005001700016011001400033100004100047102000700088200019100095210010600286215001000392608002700402675005400429700003600483700002200519700002900541856002400570EN\\bibl\12078120260512151119.2##a2782-5256##a20251225b2025####ek#y0engy0150####ca##aRU1#aOn the issue of improving the interaction of forensic expert institutions and forensic investigative bodies in the appointment and production of handwriting examinationseJournal article1#aMoscowcMoscow University of the Ministry of Internal Affairs of Russia named after V.Ya. Kikotd2025##a4 с.##aJournal article2local##aПраво. Юридические науки. 34#1aBobovkingStanislav Mihaylovich#1aBychkovgVadim M.#1aDidenkogElena Antonovna4#amosumvd.editorum.ru